Normal view
MARC view
Entry Personal Name
001 - CONTROL NUMBER
- control field: 1168532
003 - CONTROL NUMBER IDENTIFIER
- control field: OSt
005 - DATE AND TIME OF LATEST TRANSACTION
- control field: 20260324122953.0
008 - FIXED-LENGTH DATA ELEMENTS
- fixed length control field: 260324|| aca||aabn | a|a d
040 ## - CATALOGING SOURCE
- Original cataloging agency: OSt
- Transcribing agency: OSt
100 ## - HEADING--PERSONAL NAME
- Personal name: Mohamed Boucadair; Pedro Miguel Neves; Isabel Borges; Olafur Pall Einarsson
670 ## - SOURCE DATA FOUND
- Source citation: Work cat.: (OSt)1761641: Mohamed Boucadair; Pedro Miguel Neves; Isabel Borges; Olafur Pall Einarsson, IP Telephony Interconnection Reference
